Statistics for U.S. Senators by Picture Map Quiz

Click here to take the quiz!

General Stats

  • This quiz has been taken 9 times
  • The average score is 48 of 50

Answers on the Map

Answers color-coded by a green-red scale on the quiz's map according to % correct below.
 

Answer Stats

Answer% Correct
Thom Tillis | Ted Budd (North Carolina)
100%
Bill Cassidy | John Kennedy (Louisiana)
100%
Mitch McConnell | Rand Paul (Kentucky)
100%
Mike Rounds | John Thune (South Dakota)
100%
Rick Scott | Marco Rubio (Florida)
100%
Maria Cantwell | Patty Murray (Washington)
100%
Mazie Hirono | Brian Schatz (Hawaii)
100%
Mike Braun | Todd Young (Indiana)
100%
Bernie Sanders | Peter Welch (Vermont)
100%
Bob Casey Jr. | John Fetterman (Pennsylvania)
100%
Josh Hawley | Eric Schmitt (Missouri)
100%
Jon Tester | Steve Daines (Montana)
100%
Chris Murphy | Richard Blumenthal (Connecticut)
100%
Tom Cotton | John Boozman (Arkansas)
100%
Sherrod Brown | J. D. Vance (Ohio)
100%
Jeanne Shaheen | Maggie Hassan (New Hampshire)
100%
Joni Ernst | Chuck Grassley (Iowa)
100%
Mitt Romney | Mike Lee (Utah)
100%
Tom Carper | Chris Coons (Delaware)
100%
Lindsey Graham | Tim Scott (South Carolina)
100%
Ted Cruz | John Cornyn (Texas)
100%
Jon Ossoff | Raphael Warnock (Georgia)
100%
Kirsten Gillibrand | Chuck Schumer (New York)
100%
Joe Manchin | Shelley Moore Capito (West Virginia)
100%
Marsha Blackburn | Bill Hagerty (Tennessee)
100%
Tim Kaine | Mark Warner (Virginia)
100%
Angus King | Susan Collins (Maine)
100%
Dick Durbin | Tammy Duckworth (Illinois)
100%
John Hickenlooper | Michael Bennet (Colorado)
100%
Jacky Rosen | Catherine Cortez Masto (Nevada)
100%
Debbie Stabenow | Gary Peters (Michigan)
100%
Roger Marshall | Jerry Moran (Kansas)
100%
Amy Klobuchar | Tina Smith (Minnesota)
100%
Deb Fischer | Pete Ricketts (Nebraska)
100%
Kyrsten Sinema | Mark Kelly (Arizona)
100%
Markwayne Mullin | James Lankford (Oklahoma)
100%
Martin Heinrich | Ben Ray Luján (New Mexico)
100%
Laphonza Butler | Alex Padilla (California)
100%
Bob Menendez | Cory Booker (New Jersey)
100%
Tammy Baldwin | Ron Johnson (Wisconsin)
100%
Ben Cardin | Chris Van Hollen (Maryland)
100%
John Barrasso | Cynthia Lummis (Wyoming)
100%
Dan Sullivan | Lisa Murkowski (Alaska)
80%
Elizabeth Warren | Ed Markey (Massachusetts)
80%
Roger Wicker | Cindy Hyde-Smith (Mississippi)
80%
Kevin Cramer | John Hoeven (North Dakota)
80%
Tommy Tuberville | Katie Britt (Alabama)
80%
Jim Risch | Mike Crapo (Idaho)
80%
Jeff Merkley | Ron Wyden (Oregon)
80%
Sheldon Whitehouse | Jack Reed (Rhode Island)
60%

Score Distribution

Percentile by Number Answered

Percent of People with Each Score

Your Score History

You have not taken this quiz